[Event "Morava Region-chTA"]
[Site "Czech Republic"]
[Date "2025.02.09"]
[Round "8.5"]
[White "Lipka, Petr"]
[Black "Grcek, Tomas"]
[Result "1/2-1/2"]
[WhiteElo "1793"]
[BlackElo "1679"]
[PlyCount "35"]
[EventDate "2024.10.13"]
[EventType "team-tourn"]
[EventRounds "11"]
[EventCountry "CZE"]
[SourceTitle "CB16_2025"]
[SourceDate "2025.04.16"]
[SourceVersion "1"]
[SourceVersionDate "2025.04.16"]
[SourceQuality "1"]
[WhiteTeam "Ludgerovice"]
[BlackTeam "Albrechtice Tatran"]
[WhiteTeamCountry "CZE"]
[BlackTeamCountry "CZE"]

1. e4 g6 2. d4 d6 3. f4 Bg7 4. Nf3 Bg4 5. Be3 Nf6 6. Bd3 Nbd7 7. h3 Bxf3 8. Qxf3 e5 9. d5 exf4 10. Bxf4 Nh5 11. c3 Nxf4 12. Qxf4 0-0 13. 0-0 Ne5 14. Bc2 c6 15. Nd2 cxd5 16. exd5 Qb6+ 17. Qf2 Qxb2 18. Ne4 1/2-1/2

[Event "Morava Region-chTA"]
[Site "Czech Republic"]
[Date "2024.12.01"]
[Round "4.5"]
[White "Mucha, Bretislav1"]
[Black "Grcek, Tomas"]
[Result "0-1"]
[WhiteElo "1871"]
[BlackElo "1679"]
[PlyCount "182"]
[EventDate "2024.10.13"]
[EventType "team-tourn"]
[EventRounds "11"]
[EventCountry "CZE"]
[SourceTitle "CB16_2025"]
[SourceDate "2025.04.16"]
[SourceVersion "1"]
[SourceVersionDate "2025.04.16"]
[SourceQuality "1"]
[WhiteTeam "Bruntal II"]
[BlackTeam "Albrechtice Tatran"]
[WhiteTeamCountry "CZE"]
[BlackTeamCountry "CZE"]

1. c4 g6 2. Nc3 Nf6 3. g3 c5 4. Bg2 Nc6 5. Nf3 Bg7 6. 0-0 d6 7. e4 Bg4 8. d3 0-0 9. Ne2 e5 10. Bd2 a5 11. h3 Bxf3 12. Bxf3 h6 13. Bg2 Nd7 14. Bc3 Nb6 15. f4 Nd7 16. f5 Kh7 17. g4 Bf6 18. Bd2 Bh4 19. a3 Nd4 20. Nxd4 cxd4 21. b4 b6 22. Qc1 Bg5 23. fxg6+ fxg6 24. Rxf8 Nxf8 25. bxa5 Rxa5 26. Qd1 Bxd2 27. Qxd2 Nd7 28. Rf1 Kg7 29. Qf2 Qe7 30. Qb2 Nc5 31. Rf3 Ra6 32. Bf1 Ne6 33. Qb5 Rxa3 34. Qxb6 Ng5 35. Rf2 Ra1 36. Kg2 Ne6 37. Qb2 Re1 38. Be2 Nf4+ 39. Rxf4 exf4 40. Qxd4+ Kh7 41. Qf2 Ra1 42. Qxf4 Ra2 43. Qf2 Ra8 44. Kg3 Rf8 45. Qe3 Qf6 46. d4 Re8 47. h4 Qe6 48. Bd3 Rf8 49. e5 Re8 50. h5 Kg7 51. Qe4 dxe5 52. d5 Qf6 53. Qxg6+ Qxg6 54. Bxg6 Rc8 55. Bd3 e4 56. Bxe4 Rxc4 57. Kf3 Kf6 58. Kf4 Rd4 59. Ke3 Ke5 60. Bf3 Ra4 61. Kd3 Rf4 62. Ke3 Rd4 63. Kf2 Kf4 64. Ke2 Ra4 65. Bg2 Kxg4 66. Bf3+ Kf4 67. Bg2 Ra2+ 68. Kf1 Kg4 69. Be4 Kxh5 70. Bf5 Kg5 71. Be6 Kf6 72. Kg1 Ke5 73. Bf7 Rb2 74. Kf1 Kf6 75. Bh5 Rd2 76. Bf3 Ke5 77. Ke1 Rb2 78. Kf1 Rb3 79. Kg2 Rd3 80. Kf2 Kf4 81. Bg2 Rd2+ 82. Kf1 h5 83. Bh1 h4 84. Bg2 Kg3 85. Be4 h3 86. Ke1 Rd4 87. Bh1 Kh2 88. Bf3 Kg1 89. Ke2 h2 90. Ke3 Rb4 91. d6 Rb3+ 0-1